<?xml version="1.0" encoding="UTF-8"?><?xml-stylesheet type="text/xsl" href="static/style.xsl"?><OAI-PMH xmlns="http://www.openarchives.org/OAI/2.0/" xmlns:xsi="http://www.w3.org/2001/XMLSchema-instance" xsi:schemaLocation="http://www.openarchives.org/OAI/2.0/ http://www.openarchives.org/OAI/2.0/OAI-PMH.xsd"><responseDate>2026-06-05T12:55:13Z</responseDate><request verb="GetRecord" identifier="oai:riuma.uma.es:10630/27576" metadataPrefix="marc">https://riuma.uma.es/rest/oai/request</request><GetRecord><record><header><identifier>oai:riuma.uma.es:10630/27576</identifier><datestamp>2026-02-03T12:28:19Z</datestamp><setSpec>com_10630_2254</setSpec><setSpec>col_10630_37959</setSpec></header><metadata><record xmlns="http://www.loc.gov/MARC21/slim" xmlns:dcterms="http://purl.org/dc/terms/" xmlns:doc="http://www.lyncode.com/xoai" xmlns:xsi="http://www.w3.org/2001/XMLSchema-instance" xsi:schemaLocation="http://www.loc.gov/MARC21/slim http://www.loc.gov/standards/marcxml/schema/MARC21slim.xsd">
   <leader>00925njm 22002777a 4500</leader>
   <datafield ind2=" " ind1=" " tag="042">
      <subfield code="a">dc</subfield>
   </datafield>
   <datafield ind2=" " ind1=" " tag="720">
      <subfield code="a">Martín Izquierdo, Adrián</subfield>
      <subfield code="e">author</subfield>
   </datafield>
   <datafield ind2=" " ind1=" " tag="720">
      <subfield code="a">De la Bandera Cascales, Isabel</subfield>
      <subfield code="e">author</subfield>
   </datafield>
   <datafield ind2=" " ind1=" " tag="720">
      <subfield code="a">Barco-Moreno, Raquel</subfield>
      <subfield code="e">author</subfield>
   </datafield>
   <datafield ind2=" " ind1=" " tag="260">
      <subfield code="c">2023</subfield>
   </datafield>
   <datafield ind2=" " ind1=" " tag="520">
      <subfield code="a">In this article, a novel approach is presented for dynamic route planning of unmanned aerial vehicles (UAVs) for&#xd;
efficient data collection in industrial environments using UAVs connected to 5G and ultra-low power device networks.&#xd;
The proposed approach is based on bio-inspired algorithms, which draw inspiration from the behavior of animals and&#xd;
plants. The algorithm uses a combination of genetic algorithm (GA) and rapid exploration random tree (RRT) to&#xd;
optimize the UAV’s route and reduce energy consumption, while complying with the UAV’s flight limitations,&#xd;
considering the energy consumed by the UAV. This solution focuses on achieving higher energy efficiency and better&#xd;
data collection capability in industrial environments. The combination of GA and RRT is capable of finding optimal&#xd;
routes for data collection, reducing the UAV’s energy consumption while ensuring that all flight constraints are met.</subfield>
   </datafield>
   <datafield ind1="8" ind2=" " tag="024">
      <subfield code="a">https://hdl.handle.net/10630/27576</subfield>
   </datafield>
   <datafield tag="653" ind2=" " ind1=" ">
      <subfield code="a">Aviones sin piloto</subfield>
   </datafield>
   <datafield tag="653" ind2=" " ind1=" ">
      <subfield code="a">Optimización de las trayectorias</subfield>
   </datafield>
   <datafield tag="653" ind2=" " ind1=" ">
      <subfield code="a">Telecomunicaciones</subfield>
   </datafield>
   <datafield ind2="0" ind1="0" tag="245">
      <subfield code="a">Ruta óptima para vehículos aéreos no tripulados para la recolección de datos en entornos IoT.</subfield>
   </datafield>
</record>
</metadata></record></GetRecord></OAI-PMH>